Fruit Breeding / (Record no. 48678)

MARC details
000 -LEADER
fixed length control field 00491nam a22001817a 4500
003 - CONTROL NUMBER IDENTIFIER
control field OSt
008 - FIXED-LENGTH DATA ELEMENTS--GENERAL INFORMATION
fixed length control field 250808b |||||||| |||| 00| 0 eng d
020 ## - INTERNATIONAL STANDARD BOOK NUMBER
International Standard Book Number 9789383305513
082 ## - DEWEY DECIMAL CLASSIFICATION NUMBER
Classification number 634.042
Item number D58F
245 ## - TITLE STATEMENT
Title Fruit Breeding /
Statement of responsibility, etc. edited by M. R. Dinesh
260 ## - PUBLICATION, DISTRIBUTION, ETC. (IMPRINT)
Place of publication, distribution, etc .- New Delhi
Name of publisher, distributor, etc : NIPA
Date of publication, distribution, etc , 2015
300 ## - PHYSICAL DESCRIPTION
Extent xiv,364p
650 ## - SUBJECT ADDED ENTRY--TOPICAL TERM
Topical term or geographic name as entry element Technology (Applied Sciences)
650 ## - SUBJECT ADDED ENTRY--TOPICAL TERM
Topical term or geographic name as entry element Agriculture and Related Technologies
650 ## - SUBJECT ADDED ENTRY--TOPICAL TERM
Topical term or geographic name as entry element Fruits
700 ## - ADDED ENTRY--PERSONAL NAME
Personal name Dinesh, M. R.
942 ## - ADDED ENTRY ELEMENTS (KOHA)
Source of classification or shelving scheme
Koha item type Books
942 ## - ADDED ENTRY ELEMENTS (KOHA)
-- 3
Holdings
Withdrawn status Lost status Source of classification or shelving scheme Damaged status Not for loan Home library Current library Date acquired Source of acquisition Total Checkouts Full call number Barcode Date last seen Bill Date Koha item type Bill Number Date last borrowed Cost, normal purchase price
          Dr. Rajendra Prasad Central Agricultural University Pusa, Dr. Rajendra Prasad Central Agricultural University Pusa, 08/08/2025 IBPS, Delhi   634.042 D58F 84333 08/08/2025   Books IBPS/004/2024-25    
          Dr. Rajendra Prasad Central Agricultural University Pusa, Dr. Rajendra Prasad Central Agricultural University Pusa, 08/08/2025 IBPS, Delhi   634.042 D58F 84334 08/08/2025   Books IBPS/004/2024-25    
          Dr. Rajendra Prasad Central Agricultural University Pusa, Dr. Rajendra Prasad Central Agricultural University Pusa, 08/08/2025 IBPS, Delhi 1 634.042 D58F 84335 28/02/2026   Books IBPS/004/2024-25 21/02/2026  
          Dr. Rajendra Prasad Central Agricultural University Pusa, Dr. Rajendra Prasad Central Agricultural University Pusa, 08/08/2025 IBPS, Delhi   634.042 D58F 84336 08/08/2025   Books IBPS/004/2024-25    
          Dr. Rajendra Prasad Central Agricultural University Pusa, Dr. Rajendra Prasad Central Agricultural University Pusa, 13/08/2025 IBPS, Delhi   634.042 D58F 84664 13/08/2025 15/07/2025 Books IBPS/005/2024-25   6995.00
          Dr. Rajendra Prasad Central Agricultural University Pusa, Dr. Rajendra Prasad Central Agricultural University Pusa, 13/08/2025 IBPS, Delhi 2 634.042 D58F 84665 06/04/2026 15/07/2025 Books IBPS/005/2024-25 23/03/2026 6995.00
          Dr. Rajendra Prasad Central Agricultural University Pusa, Dr. Rajendra Prasad Central Agricultural University Pusa, 13/08/2025 IBPS, Delhi   634.042 D58F 84666 13/08/2025 15/07/2025 Books IBPS/005/2024-25   6995.00
          Dr. Rajendra Prasad Central Agricultural University Pusa, Dr. Rajendra Prasad Central Agricultural University Pusa, 13/08/2025 IBPS, Delhi   634.042 D58F 84667 13/08/2025 15/07/2025 Books IBPS/005/2024-25   6995.00
          Dr. Rajendra Prasad Central Agricultural University Pusa, Dr. Rajendra Prasad Central Agricultural University Pusa, 13/08/2025 IBPS, Delhi   634.042 D58F 84668 13/08/2025 15/07/2025 Books IBPS/005/2024-25   6995.00
          Dr. Rajendra Prasad Central Agricultural University Pusa, Pt. Deen Dayal Upadhyay College of Horticulture and Forestry- Piprakothi 14/11/2025 Faith Pub., New Delhi   634.042 D58F 86518 14/11/2025 20/10/2025 Books FE/02/2025-26   6995.00
          Dr. Rajendra Prasad Central Agricultural University Pusa, Pt. Deen Dayal Upadhyay College of Horticulture and Forestry- Piprakothi 14/11/2025 Faith Pub., New Delhi   634.042 D58F 86519 14/11/2025 20/10/2025 Books FE/02/2025-26   6995.00
Hosted, Implemented, Customized & Maintained by: BestBookBuddies

Powered by Koha